[Event "CZE-ch U16 Girls"]
[Site "Sec u Chrudimi"]
[Date "2007.03.12"]
[Round "4"]
[White "Cuprova, Iva"]
[Black "Blumelova, Jana"]
[Result "1-0"]
[WhiteElo "1801"]
[BlackElo "1257"]
[PlyCount "78"]
[EventDate "2007.03.10"]
[EventType "swiss"]
[EventRounds "9"]
[EventCountry "CZE"]
[SourceTitle "EXT 2008"]
[Source "ChessBase"]
[SourceDate "2007.11.25"]
[SourceVersion "1"]
[SourceVersionDate "2007.11.25"]
[SourceQuality "1"]

1. e4 e5 2. Nc3 Nf6 3. g3 c6 4. d4 Bb4 5. Bg2 exd4 6. Qxd4 Bxc3+ 7. Qxc3 h6 8. Ne2 d6 9. Be3 Be6 10. 0-0 0-0 11. Rad1 d5 12. e5 Nfd7 13. f4 Bg4 14. Qd2 Nb6 15. b3 Re8 16. Bd4 N8d7 17. h3 Bxe2 18. Qxe2 Qc7 19. Qh5 Nc8 20. Qg4 Nf8 21. f5 c5 22. f6 g6 23. Bb2 d4 24. Bc1 h5 25. Qf4 Ne6 26. Qh6 Nb6 27. g4 hxg4 28. hxg4 Nd7 29. Bd5 Nxe5 30. Bxe6 fxe6 31. f7+ Nxf7 32. Qxg6+ Kh8 33. Rxf7 Qg3+ 34. Kf1 Qh3+ 35. Ke2 Qh2+ 36. Rf2 Qe5+ 37. Kd3 Qg3+ 38. Ke4 Qxg4+ 39. Qxg4 Re7 1-0